000 00727nam a2200181Ia 4500
008 151018s9999 xx 000 0 und d
082 _bRBASDV57082
_a891.463
100 _aबाबा मोहम्मद अत्तार
245 _aचातुर्याचा बादशाह बिरबल
250 _b1
260 _bअभिनंदन कणकवली
_c2008
300 _a128
600 _aबाबा मोहम्मद अत्तार
630 _aचातुर्याचा बादशाह बिरबल
700 _aबाबा मोहम्मद अत्तार
730 _aचातुर्याचा बादशाह बिरबल
942 _cBOOK
999 _c1052473
_d1052470